Normal view
MARC view
- MICROCOMPUTERS-POPULAR WORKS COMPUTER HARDWARE-UNDERSTANDING
Entry Topical Term
001 - CONTROL NUMBER
- control field: 76601
003 - CONTROL NUMBER IDENTIFIER
- control field: NUST
005 - DATE AND TIME OF LATEST TRANSACTION
- control field: 20210628205657.0
008 - FIXED-LENGTH DATA ELEMENTS
- fixed length control field: 210628|| aca||aabn | a|a d
040 ## - CATALOGING SOURCE
- Original cataloging agency: NUST
- Transcribing agency: NUST
150 ## - HEADING--TOPICAL TERM
- Topical term or geographic name entry element: MICROCOMPUTERS-POPULAR WORKS COMPUTER HARDWARE-UNDERSTANDING
670 ## - SOURCE DATA FOUND
- Source citation: Work cat.: (NUST): Roman, Steven 61992, Understanding personal computer hanrdware everything you need to know to be an informed pc user pc bayer pc upgrader, 1998
